| 000 | 00357nam a2200133Ia 4500 | ||
|---|---|---|---|
| 008 | 240126s9999 xx 000 0 und d | ||
| 041 | _aEnglish | ||
| 100 | _aSona School of Management | ||
| 245 | 0 | _aSONA : Journal of Marketing Research (2009 - | |
| 260 |
_bSona School of Management _aSalem |
||
| 440 | _aNULL | ||
| 650 | _aSONA,Marketing | ||
| 942 | _cJN | ||
| 999 |
_c259479 _d259479 |
||